Curso rápido de Microsoft® PowerPoint 97 / (Registro nro. 10265)

Detalles MARC
000 -LIDER
fixed length control field 00871nam a22002417a 4500
003 - IDENTIFICACDOR DE NÚMERO DE CONTROL
control field DO-SdBNP
005 - DATE AND TIME OF LATEST TRANSACTION
control field 20160610092509.0
008 - ELEMENTOS DE LONGITUD FIJA
fixed length control field 160602b 1998 cl a xxu||||| |||| 00| 0 spa d
020 ## - ISBN
International Standard Book Number 9580443416
040 ## - FUENTE DE CATALOGACIÓN
Agencia que crea de manera original el registro BPMSU
Idioma de catalogación spa
Agencia que realiza la transcripción BPMSU
092 ## - LOCALLY ASSIGNED DEWEY DECIMAL CALL NUMBER
Número de clasificación xxxxx
Número de ítem (Cutter) xxxxx
245 00 - MENCIÓN DE TITULO
Título Curso rápido de Microsoft® PowerPoint 97 /
Mención de responsabilidad Online Press Inc. ; traducción de Gabriel Borrero.
246 10 - VARIACION DEL TÍTULO
Título propiamente dicho o título corto Quick course in Microsoft® PowerPoint 97.
260 ## - PUBLICACIÓN, DISTRIBUCIÓN, ETC. (PIE DE IMPRENTA)
Lugar de publicación, distribución, etc Bogotá, Colombia :
Nombre del editor, distribuidor, etc. Norma ; Microsoft Press,
Fecha de publicación, distribución, etc 1998.
300 ## - DESCRIPCIÓN FÍSICA
Extensión 192 p. :
Otros detalles físicos il. ;
Dimensiones 24 cm.
490 1# - MENCIÓN DE SERIES
Mención de serie Curso rápido de Microsoft
500 ## - NOTA GENERAL
Nota general Manual para PowerPoint 97para windows 95 y windows NT versión 4.0.
700 12 - ASIENTO SECUNDARIO -- NOMBRE PERSONAL
Nombre personal Borrero, Gabriel,
Mención de responsabilidad tr.
700 12 - ASIENTO SECUNDARIO -- NOMBRE PERSONAL
Nombre personal Borrero, Grabriel,
Mención de responsabilidad tr.
830 ## - ASIENTO SECUNDARIO DE SERIE--TÍTULO UNIFORME
Nombre de la parte o sección de una obra Curso rápido de Microsoft
942 ## - ADDED ENTRY ELEMENTS (KOHA)
Source of classification or shelving scheme Dewey Decimal Classification
Koha item type Libros
956 ## - LOCAL ELECTRONIC LOCATION AND ACCESS (OCLC)
Método de acceso LOPEREZ
Materiales especificados 10
Enlace 20160602
Campo enlazado y núm. de secuencia BPMSU
Nombre de host 00041
Existencias
Withdrawn status Lost status Source of classification or shelving scheme Damaged status Not for loan Collection code Home library Current library Date acquired Source of acquisition Total Checkouts Barcode Date last seen Price effective from Koha item type
    Dewey Decimal Classification       Biblioteca Pública Metropolitana Salomé Ureña Biblioteca Pública Metropolitana Salomé Ureña 06/02/2016 Biblioteca Nacional Pedro Henríquez Ureña   BPMSU16060040 06/02/2016 06/02/2016 Libros